其實你不懂我的心 : 約拿書註釋 Qi shi ni bu dong wo de xin : Yuena shu zhu shi = You don't understand my heart : Jonah's notes {ch} / (Record no. 36984)
[ view plain ]
| 000 -LEADER | |
|---|---|
| fixed length control field | 01301nam a22001817a 4500 |
| 005 - DATE AND TIME OF LATEST TRANSACTION | |
| control field | 20171223114217.0 |
| 008 - FIXED-LENGTH DATA ELEMENTS--GENERAL INFORMATION | |
| fixed length control field | 130911b ch ||||| |||| 00| 0 chi d |
| 020 ## - INTERNATIONAL STANDARD BOOK NUMBER | |
| International Standard Book Number | 9789866205989 |
| 020 ## - INTERNATIONAL STANDARD BOOK NUMBER | |
| International Standard Book Number | 9866205983 |
| 100 ## - MAIN ENTRY--PERSONAL NAME | |
| Personal name | 吳獻章 Wu, Xianzhang |
| 245 ## - TITLE STATEMENT | |
| Title | 其實你不懂我的心 : 約拿書註釋 Qi shi ni bu dong wo de xin : Yuena shu zhu shi = You don't understand my heart : Jonah's notes {ch} / |
| Statement of responsibility, etc | 吳獻章 Xianzhang Wu |
| 260 ## - PUBLICATION, DISTRIBUTION, ETC. (IMPRINT) | |
| Place of publication, distribution, etc | 台北市 Taibei Shi : |
| Name of publisher, distributor, etc | 道聲出版社 Dao sheng chu ban she, |
| Date of publication, distribution, etc | 2013. |
| 300 ## - PHYSICAL DESCRIPTION | |
| Extent | 326 p. ; |
| Dimensions | 22 cm. |
| 504 ## - BIBLIOGRAPHY, ETC. NOTE | |
| Bibliography, etc | Includes bibliographical references p. 321-326 and index p.317-320. |
| 520 ## - SUMMARY, ETC. | |
| Summary, etc | 約拿書之所以讓歷代讀者如此著迷,主要原因除了平白易讀,沒有先知書慣常的「說教」之外,其故事之獨特,讓往常「刻板」的先知書演變成為一部老少咸宜的舞台劇,讓讀者愛不釋手。 <br/><br/>本書雖只有短短四章,但麻雀雖小,「五臟俱全」,內中更有著豐富的神學「維他命」:審判、神權、悔改、恩典、寬恕、死亡、復活、創造和宣教等信息。讓我們進入本書,從上帝與「落跑先知」之間的對話與追逐中,來尋思神的心意與人的逃避。 |
| 630 ## - SUBJECT ADDED ENTRY--UNIFORM TITLE | |
| Uniform title | Bible. |
| Name of part/section of a work | Jonah |
| General subdivision | Commentaries {ch}. |
| 942 ## - ADDED ENTRY ELEMENTS (KOHA) | |
| Source of classification or shelving scheme | Library of Congress Classification |
| Item type | Books |
| Koha issues (borrowed), all copies | 3 |
| Withdrawn status | Lost status | Source of classification or shelving scheme | Damaged status | Not for loan | Home library | Current library | Shelving location | Date acquired | Source of acquisition | Cost, normal purchase price | Accession number | Total Checkouts | Full call number | Barcode | Date last seen | Price effective from | Koha item type | Date last borrowed | Copy number |
|---|---|---|---|---|---|---|---|---|---|---|---|---|---|---|---|---|---|---|---|
| Library of Congress Classification | BSOP Library | BSOP Library | Chinese Books (General Circulation) | 09/11/2013 | Hua Xuan | 272.00 | C-11707 | BS1605.3 W95 2013 | 00043507 | 09/11/2013 | 09/11/2013 | Books | |||||||
| Library of Congress Classification | BSOP Library | BSOP Library | Chinese Books (General Circulation) | 09/11/2013 | Hua Xuan | 272.00 | C-11708 | 3 | BS1605.3 W95 2013 | 00043508 | 01/02/2018 | 09/11/2013 | Books | 12/23/2017 | c. 2 |
